|
|
|
|
| LEADER |
00961nab a2200265 i 4500 |
| 001 |
publ28371 |
| 005 |
20230928091028.0 |
| 008 |
230928s2023 hu o 0|| Angol d |
| 022 |
|
|
|a 0960-0760
|
| 024 |
7 |
|
|a 10.1016/j.jsbmb.2023.106269
|2 doi
|
| 024 |
7 |
|
|a 33663109
|2 mtmt
|
| 040 |
|
|
|a SZTE Publicatio Repozitórium
|b hun
|
| 041 |
|
|
|a Angol
|
| 100 |
1 |
|
|a Peřina Miroslav
|
| 245 |
1 |
0 |
|a Synthesis of hydrocortisone esters targeting androgen and glucocorticoid receptors in prostate cancer in vitro
|h [elektronikus dokumentum] /
|c Peřina Miroslav
|
| 260 |
|
|
|c 2023
|
| 300 |
|
|
|a 12
|
| 490 |
0 |
|
|a JOURNAL OF STEROID BIOCHEMISTRY AND MOLECULAR BIOLOGY
|v 229
|
| 650 |
|
4 |
|a Kémiai tudományok
|
| 700 |
0 |
1 |
|a Kiss Anita
|e aut
|
| 700 |
0 |
1 |
|a Mernyák Erzsébet
|e aut
|
| 700 |
0 |
1 |
|a Mada Lukáš
|e aut
|
| 700 |
0 |
1 |
|a Schneider Gyula
|e aut
|
| 700 |
0 |
1 |
|a Jorda Radek
|e aut
|
| 856 |
4 |
0 |
|u http://publicatio.bibl.u-szeged.hu/28371/1/1-s2.0-S0960076023000249-main.pdf
|z Dokumentum-elérés
|